The BFG [
| Main Author: | |
|---|---|
| Format: | Book |
| Published: |
London :
Cosgrove Hall Production ,
1990
|
| Subjects: |
MARC
| LEADER | 00000cam a2200000 7i4500 | ||
|---|---|---|---|
| 001 | 0000000260 | ||
| 002 | 000000331 | ||
| 005 | 20000330.0 | ||
| 020 | |a 000000331 | ||
| 090 | 0 | 0 | |a JF |b DAH |
| 100 | 1 | |a Dahl, Roald | |
| 245 | 1 | 4 | |a The BFG [ |h videorecording] |c Roald Dahl |
| 260 | |a London : |b Cosgrove Hall Production , |c 1990 | ||
| 300 | |a 1 videocassette VHS (88:00 min) : |b Col.(PAL) | ||
| 650 | 0 | 0 | |a Fairy tales |x cartoons and caricatures |
| 999 | |a PV0107 |b VIDEO |c JUNIOR REFERENCE |e PERPUSTAKAAN KOMUNITI PETALING JAYA | ||